Monthly Bulletin of the National Bank of Bulgaria (Record no. 6637)

MARC details
000 -LEADER
fixed length control field 00930nam a22002057i 4500
001 - CONTROL NUMBER
control field 7834
003 - CONTROL NUMBER IDENTIFIER
control field OSt
005 - DATE AND TIME OF LATEST TRANSACTION
control field 20170126082404.0
007 - PHYSICAL DESCRIPTION FIXED FIELD--GENERAL INFORMATION
fixed length control field tu
008 - FIXED-LENGTH DATA ELEMENTS--GENERAL INFORMATION
fixed length control field 161220s xxu||||| |||| 00| 0 d
024 7# - OTHER STANDARD IDENTIFIER
Standard number or code 7834
Source of number or code RID
040 ## - CATALOGING SOURCE
Transcribing agency OSt
110 2# - MAIN ENTRY--CORPORATE NAME
Corporate name or jurisdiction name as entry element National Bank
245 00 - TITLE STATEMENT
Title Monthly Bulletin of the National Bank of Bulgaria
260 ## - PUBLICATION, DISTRIBUTION, ETC.
Place of publication, distribution, etc. Bulgaria.
490 ## - SERIES STATEMENT
Series statement Monthly Bulletin of the National Bank of Bulgaria
651 ## - SUBJECT ADDED ENTRY--GEOGRAPHIC NAME
Geographic name Bulgaria
866 #0 - TEXTUAL HOLDINGS--BASIC BIBLIOGRAPHIC UNIT
-- 1994/12-2008/11
866 #0 - TEXTUAL HOLDINGS--BASIC BIBLIOGRAPHIC UNIT
-- <br><br>vorhanden:<br>1994/ Nr.12<br>1995/ Nr.12<br>1996/ Nr.11 und Nr.12<br>1997/ Nr.12<br>1998/ Nr.12<br>1999/ Nr.12<br>2000/ Nr.12<br>2001/ Nr.12<br>2002/ von Nr.1 bis Nr.12<br>2003/ von Nr.1 bis Nr.6, von Nr.8 bis Nr.9<br>2004/ von Nr.2 bis nr.3, Nr.6, Nr.8,Nr.10 und Nr.12<br>2005/ Nr.1, Nr.2, Nr.4, Nr.8, Nr.9<br>2006/ Nr.2, Nr.4, Nr.5, Nr.6, Nr.11 und Nr.12<br>2007/ Nr.1, Nr.2, Nr.8, Nr.9, Nr.10, Nr.11 und Nr.12<br>2008/ von nr.1 bis Nr.3
942 ## - ADDED ENTRY ELEMENTS (KOHA)
Koha item type Statistics
Holdings
Withdrawn status Lost status Damaged status Not for loan Home library Current library Shelving location Date acquired Inventory number Total Checkouts Barcode Date last seen Price effective from Koha item type
        WIIW WIIW Library 08/14/2008 7834   10003766 01/26/2017 01/26/2017 Statistics
The Vienna Instiute for International Economic Studies (wiiw)